|
|
|
|
| LEADER |
00000nam0a2200000 4500 |
| 001 |
88279 |
| 005 |
20231031102551.0 |
| 035 |
|
|
|a (RuTPU)RU\TPU\book\94759
|
| 090 |
|
|
|a 88279
|
| 100 |
|
|
|a 20051222d1975 m y0rusy50 ca
|
| 101 |
0 |
|
|a rus
|
| 102 |
|
|
|a RU
|
| 105 |
|
|
|a a j 001zy
|
| 200 |
1 |
|
|a Электрические регуляторы и их элементы
|e конспект лекций
|f А. З. Изотов
|g Московский энергетический институт
|
| 210 |
|
|
|a Москва
|c Изд-во МЭИ
|d 1975
|
| 215 |
|
|
|a 226 с.
|c ил.
|
| 320 |
|
|
|a Библиогр.: с. 221-222
|
| 610 |
1 |
|
|a электрические регуляторы
|
| 610 |
1 |
|
|a понятия
|
| 610 |
1 |
|
|a классификация
|
| 610 |
1 |
|
|a питание
|
| 610 |
1 |
|
|a компенсационные стабилизаторы
|
| 610 |
1 |
|
|a учебные пособия
|
| 610 |
1 |
|
|a лекции
|
| 610 |
1 |
|
|a электропитание
|
| 610 |
1 |
|
|a источники
|
| 675 |
|
|
|a 621.316.7(075.8)
|v 3
|
| 700 |
|
1 |
|a Изотов
|b А. З.
|
| 712 |
0 |
2 |
|a Московский энергетический институт (МЭИ)
|c (1930-1992)
|2 stltpush
|3 (RuTPU)RU\TPU\col\20092
|
| 801 |
|
1 |
|a RU
|b 63413507
|c 20051222
|g PSBO
|
| 801 |
|
2 |
|a RU
|b 63413507
|c 20160902
|g PSBO
|
| 942 |
|
|
|c BK
|